LEADER 01748nas 2200661-a 450 001 996218111703316 005 20220720213020.0 011 $a1873-1686 035 $a(DE-599)ZDB1498712-0 035 $a(OCoLC)39166811 035 $a(CKB)954925482638 035 $a(CONSER)--2003233409 035 $a(EXLCZ)99954925482638 100 $a19980522b19802014 s-- a 101 0 $aeng 135 $aurmnu|||||||| 181 $ctxt$2rdacontent 182 $cc$2rdamedia 183 $acr$2rdacarrier 200 10$aRegulatory peptides 210 $aAmsterdam $cElsevier Science$d1980-[2014] 215 $a1 online resource 311 $a0167-0115 531 $aREGUL PEPTIDES 531 $aREGUL PEPT 531 $aREGUL. PEPT 531 0 $aRegul. pept. 606 $aPeptides$vPeriodicals 606 $aPeptides$xPeriodicals 606 $aPeptides$vPeriodicals 606 $aPeptides 606 $aPeptides$vperiodicals 606 $aPeptides$xPériodiques 606 $aPeptides$vPériodiques 606 $aPeptides$2fast$3(OCoLC)fst01057564 606 $aPhysiologie$2gnd 606 $aPeptide$2gnd 606 $aZeitschrift$2gnd 606 $aOnline-Ressource$2gnd 606 $aPathologie$2gnd 608 $aPeriodicals.$2fast 615 0$aPeptides 615 0$aPeptides$xPeriodicals. 615 2$aPeptides 615 2$aPeptides 615 2$aPeptides 615 6$aPeptides$xPériodiques. 615 6$aPeptides 615 7$aPeptides. 615 7$aPhysiologie 615 7$aPeptide 615 7$aZeitschrift 615 7$aOnline-Ressource 615 7$aPathologie 906 $aJOURNAL 912 $a996218111703316 996 $aRegulatory peptides$9759096 997 $aUNISA